| 000 | 00557nam a2200181Ia 4500 | ||
|---|---|---|---|
| 003 | GCL | ||
| 008 | 140319s9999 xx 000 0 ara d | ||
| 040 |
_aGCL / _cGCL |
||
| 082 | 0 | 4 |
_a813.03 _bن م |
| 100 | 1 | _aنعيم عطية | |
| 245 | 1 | 0 |
_aالمرأة والمصباح: رواية / _cنعيم عطية |
| 260 |
_a[S.N] : _bمطبعة الجبلاوى ، _c1967 |
||
| 300 | _a105 ص | ||
| 490 |
_aالهيئة العامة للاستعلامات _v0 |
||
| 650 | 0 | 4 | _aالادب العربى |
| 650 | 0 | 4 | _aالقصص العربية |
| 942 |
_2ddc _cBK |
||
| 999 |
_c58413 _d58413 |
||